Can You Name Every Single MLB Team - Statistics

General Stats
  • This quiz has been taken 30 times
  • The average score is 25 of 30
Answer Stats
MLB Team % Correct
Yankees
96%
Mets
93%
Padres
93%
Reds
93%
Blue Jays
89%
Braves
89%
Dodgers
89%
White Sox
89%
Astros
85%
Athletics
85%
Brewers
85%
Cubs
85%
Mariners
85%
Orioles
85%
Phillies
85%
Rays
85%
Red Sox
85%
Tigers
85%
Angels
81%
Diamondbacks
81%
Giants
81%
Guardians
81%
Marlins
81%
Pirates
81%
Rangers
81%
Royals
81%
Nationals
74%
Rockies
74%
Twins
74%
Cardinals
67%
No matching quizzes found
Score Distribution
Percent of People with Each Score
Percentile by Number Answered
Your Score History
You have not taken this quiz